Networking self-teaching guide : OSI, TCP/IP, LANs, MANs, WANs, implementation, management, and maintenance (E-Book) (Record no. 193177)
[ view plain ]
| 000 -LEADER | |
|---|---|
| fixed length control field | 00967 a2200265 4500 |
| 003 - CONTROL NUMBER IDENTIFIER | |
| control field | Nust |
| 005 - DATE AND TIME OF LATEST TRANSACTION | |
| control field | 20170207154052.0 |
| 010 ## - LIBRARY OF CONGRESS CONTROL NUMBER | |
| LC control number | 2009004168 |
| 020 ## - INTERNATIONAL STANDARD BOOK NUMBER | |
| International Standard Book Number | 0-470-40238-5 (pbk.) |
| 020 ## - INTERNATIONAL STANDARD BOOK NUMBER | |
| International Standard Book Number | 978-0-470-40238-2 (pbk.) |
| 035 ## - SYSTEM CONTROL NUMBER | |
| System control number | (OCoLC)268790796 |
| 035 ## - SYSTEM CONTROL NUMBER | |
| System control number | (OCoLC)ocn268790796 |
| 040 ## - CATALOGING SOURCE | |
| Transcribing agency | Nust |
| 082 00 - DEWEY DECIMAL CLASSIFICATION NUMBER | |
| Classification number | 004.65 |
| 100 1# - MAIN ENTRY--PERSONAL NAME | |
| Personal name | James Edwards, Richard Bramante |
| 245 10 - TITLE STATEMENT | |
| Title | Networking self-teaching guide : OSI, TCP/IP, LANs, MANs, WANs, implementation, management, and maintenance (E-Book) |
| Statement of responsibility, etc. | James Edwards, Richard Bramante |
| 260 ## - PUBLICATION, DISTRIBUTION, ETC. | |
| Place of publication, distribution, etc. | Indianapolis, IN : |
| Name of publisher, distributor, etc. | Wiley Pub., |
| Date of publication, distribution, etc. | c2009 |
| 300 ## - PHYSICAL DESCRIPTION | |
| Extent | xxix, 834 p. : |
| Other physical details | ill. ; |
| Dimensions | 24 cm |
| 500 ## - GENERAL NOTE | |
| General note | Includes index |
| 650 #0 - SUBJECT ADDED ENTRY--TOPICAL TERM | |
| Topical term or geographic name entry element | Computer network architectures |
| 650 #0 - SUBJECT ADDED ENTRY--TOPICAL TERM | |
| Topical term or geographic name entry element | Computer network protocols |
| 650 #0 - SUBJECT ADDED ENTRY--TOPICAL TERM | |
| Topical term or geographic name entry element | Computer networks |
| 651 ## - SUBJECT ADDED ENTRY--GEOGRAPHIC NAME | |
| Geographic name | Networking self-teaching guide : OSI, TCP/IP, LANs, MANs, WANs, implementation, management, and maintenance (E-Book) |
| 700 1# - ADDED ENTRY--PERSONAL NAME | |
| Personal name | Bramante, Richard, |
| Dates associated with a name | 1944- |
| Relator code | aut |
| 942 ## - ADDED ENTRY ELEMENTS (KOHA) | |
| Source of classification or shelving scheme | |
| Koha item type | Book |
| Withdrawn status | Lost status | Source of classification or shelving scheme | Damaged status | Not for loan | Collection code | Permanent Location | Current Location | Date acquired | Total Checkouts | Full call number | Barcode | Date last seen | Price effective from | Koha item type |
|---|---|---|---|---|---|---|---|---|---|---|---|---|---|---|
| Military College of Signals (MCS) | Military College of Signals (MCS) | 12/12/2016 | 004.65 EDW | MCSEB-2887 | 12/08/2016 | 12/12/2016 | Book |
